[Event "Pardubice op-J"]
[Site "Pardubice"]
[Date "2013.07.12"]
[Round "1"]
[White "Tran, Huyen Linh"]
[Black "Strebkovs, Andrejs"]
[Result "0-1"]
[WhiteElo "1706"]
[BlackElo "2312"]
[PlyCount "54"]
[EventDate "2013.07.12"]
[EventType "swiss"]
[EventRounds "9"]
[EventCountry "CZE"]
[SourceTitle "EXT 2014"]
[Source "ChessBase"]
[SourceDate "2013.11.20"]
[SourceVersion "1"]
[SourceVersionDate "2013.11.20"]
[SourceQuality "1"]

1. d4 Nf6 2. c4 g6 3. Nc3 Bg7 4. e4 0-0 5. f4 d6 6. Be2 c5 7. d5 b5 8. Qc2 b4 9. Nd1 e6 10. Nf3 exd5 11. cxd5 Re8 12. Bd3 Nxd5 13. 0-0 Nb6 14. a3 Nc6 15. Bd2 Bg4 16. Bb5 Bd7 17. axb4 Nd4 18. Qd3 Bxb5 19. Qb1 Bxf1 20. Kxf1 Nxf3 21. gxf3 Nc4 22. Qc2 Nxd2+ 23. Qxd2 Qh4 24. Nc3 Qh3+ 25. Ke1 Qxf3 26. Qf2 Bxc3+ 27. bxc3 Qxc3+ 0-1